000
00233nam a22001217a 4500
040
_c
SK
082
_a
610
100
_a
NA
245
_a
Annuaire des boursiers 2002-2012
260
_a
RUA
_b
NA
_c
2012
300
_a
143p.
942
_c
EK
999
_c
10224
_d
10224